| 000 | 01142nam a2200325 i 4500 | ||
|---|---|---|---|
| 001 | 000032676 | ||
| 003 | DO-SdBNP | ||
| 005 | 20251204095533.0 | ||
| 007 | ta | ||
| 008 | 110725t1994 dr a 001 p spa d | ||
| 040 |
_aDO-SdBNP _bspa _cBNPHU _erda |
||
| 041 | _aspa | ||
| 049 | _aBNPD | ||
| 082 | 4 |
_aRD861.44 _bL817p _222 |
|
| 100 | 1 |
_aLockward, Angel, _eautor _4aut. _911034 |
|
| 245 | 1 | 0 |
_aPor los caminos de su piel / _cÁngel Lockward ; prologo, Mariano Lebrón Saviñon ; ilustraciones, Alberto Ulloa. |
| 250 | _aPrimera edición | ||
| 264 | 4 |
_aSanto Domingo, República Dominicana : _bEditora Talle, C. por A. _c©1994. |
|
| 300 |
_a141 páginas : _bilustraciones ; _c22 cm. |
||
| 336 |
_atexto _btxt _2rdacontent |
||
| 337 |
_asin mediación _bn _2rdamedia |
||
| 338 |
_avolumen _bnc _2rdacarrier |
||
| 590 | _aInventariado, 2025/BT | ||
| 650 | 4 |
_aPoesía dominicana _966 |
|
| 650 | 4 |
_aLiteratura dominicana. _967 |
|
| 700 | 1 |
_aLebrón Saviñón, Mariano, _d1922-2014 _eprologuista _4pr. _97227 |
|
| 700 | 1 |
_aUlloa, Alberto, _d1950-2011 _eilustrador _4il. _958552 |
|
| 910 | _aValidado. Control de calidad EMS. | ||
| 942 |
_2ddc _cLBS1 |
||
| 999 |
_c32167 _d32167 |
||